| 000 | 00362nam a2200145Ia 4500 | ||
|---|---|---|---|
| 008 | 150201s2004 xx 000 0 und d | ||
| 082 |
_a617.645 _bT2004M |
||
| 100 | _aMALONE,WFP | ||
| 245 | _aTYLMANS THEORY & PRACTICE OF FIXED PROSTHODONTICS | ||
| 250 | _a8TH | ||
| 260 |
_bAIPD _aDELHI _c2004 |
||
| 300 | _a1-462 | ||
| 650 | _aPROSTHODONTICS | ||
| 942 |
_2ddc _cBK |
||
| 999 |
_c3531 _d3531 |
||